Girls - Girl in red (all lyrics) - Statistics

General Stats
  • This quiz has been taken 615 times
  • The average score is 184 of 215
Answer Stats
Answer % Correct
I
100%
girls
98%
boys
97%
No
97%
so
97%
So
97%
a
96%
I'm
96%
i'm
96%
it
96%
not
96%
pretty
96%
hurts
95%
talking
95%
'bout
94%
they're
94%
They're
94%
But
92%
shirts
90%
their
89%
up
88%
with
87%
button
86%
to
85%
be
82%
this
81%
This
81%
what
79%
it's
78%
It's
78%
of
78%
know
77%
like
77%
phase
77%
is
75%
love
75%
do
73%
Or
73%
change
72%
coming
72%
never
72%
who
72%
Who
72%
feeling
71%
for
71%
will
71%
been
70%
I've
70%
my
70%
Can
69%
don't
69%
long
69%
should
69%
age
68%
guy
68%
tell
68%
anyone
67%
away
67%
hiding
67%
just
67%
them
67%
time
67%
into
66%
really
66%
type
66%
waste
66%
feelings
65%
push
65%
strange
65%
acting
64%
gone
64%
hard
64%
He's
64%
These
63%
too
63%
say
62%
choose
61%
resist
60%
Afraid
59%
get
59%
shouldn't
59%
they'll
58%
skin
55%
Soft
55%
soft
55%
And
54%
lips
54%
'Cause
42%
No matching quizzes found
Score Distribution
Percent of People with Each Score
Percentile by Number Answered
Your Score History
You have not taken this quiz